| 000 | 00898nam a2200289 a 4500 | ||
|---|---|---|---|
| 001 | 000108491 | ||
| 003 | CHAP | ||
| 005 | 20220329144014.0 | ||
| 008 | 140218s2013 mx a |r| ||||||spa d | ||
| 010 | _a104953 | ||
| 011 | _a105925 | ||
| 020 | _a9786074510706 | ||
| 040 | _cCHAP | ||
| 082 | 0 | 4 |
_a370.732640972 _bD27 |
| 245 | 0 | 3 |
_aEl desarrollo de la educación continua en México : _bUn estudio prospectivo / _ccoordinado por Silvia Coria Bedolla y Mireya Vila Omaña. |
| 260 |
_aMéxico, D. F. : _bANUIES, _c2013. |
||
| 300 |
_a89 P. : _bcuadros. |
||
| 490 | _aDocumentos | ||
| 590 |
_aE11695DGD _b10 _c20140224 _lUCH01 _h0928 |
||
| 590 |
_aE5765TAJ _b05 _c20140218 _lUCH01 _h1420 |
||
| 650 | 1 | 4 |
_aEducación continua _zMéxico. _9125494 |
| 700 | 1 |
_aCoria Bedolla, Silvia _ecoord. _9125485 |
|
| 700 | 1 |
_aVila Omaña, Mireya _ecoord. _9125486 |
|
| 901 | _aBK | ||
| 942 | _cLIBRO | ||
| 942 | _n0 | ||
| 999 |
_c104953 _d104953 |
||